Consideraciones sobre desinfección de aguas
保存先:
| 第一著者: | |
|---|---|
| フォーマット: | 不明 |
| 出版事項: |
[San José, Costa Rica]
1969
|
| 主題: | |
| タグ: |
タグ追加
タグなし, このレコードへの初めてのタグを付けませんか!
|
MARC
| LEADER | 00000 a2200000 4500 | ||
|---|---|---|---|
| 003 | 011293 | ||
| 005 | 20221231143814.0 | ||
| 008 | 140114s1969 c a m 000 ||s d | ||
| 040 | |c cru CEDI | ||
| 090 | |a TFG 352 | ||
| 100 | |a Quirós García, Rodrigo |9 17804 | ||
| 245 | |a Consideraciones sobre desinfección de aguas | ||
| 260 | |c 1969 |a [San José, Costa Rica] | ||
| 300 | |a 176 hojas : ilustraciones ; 28 cm | ||
| 500 | |a Tesis (Ingeniero civil) Universidad de Costa Rica | ||
| 650 | |x PURIFICACION DEL AGUA |x DESINFECCION DEL AGUA |9 17806 | ||
| 942 | |c TFG | ||
| 999 | |c 12249 |d 12249 | ||
